[Event "BL 1718 DJK Aachen - SV Werder Bremen"]
[Site "?"]
[Date "2018.02.04"]
[Round "8.8"]
[White "Donchenko, Alexander"]
[Black "Zumsande, Martin"]
[Result "1-0"]
[WhiteElo "2583"]
[BlackElo "2453"]
[PlyCount "89"]
[EventDate "2018.??.??"]
[EventType "team-tourn"]

1. Nf3 d5 2. g3 Nf6 3. Bg2 e6 4. O-O b5 5. a4 b4 6. c4 bxc3 7. bxc3 Ba6 8. Na3
Be7 9. c4 c6 10. d4 Nbd7 11. c5 O-O 12. Nc2 Qc8 13. Nb4 Rb8 14. Nd3 Bd8 15. Qc2
Bc7 16. Rd1 Bxd3 17. Qxd3 e5 18. Qc2 Qb7 19. dxe5 Nxe5 20. Nd4 Rfe8 21. Bg5
Ned7 22. Nb5 Ne4 23. Rxd5 Be5 24. Bxe4 cxd5 25. c6 dxe4 26. cxb7 Bxa1 27. Qd1
Bf6 28. Qxd7 Bxg5 29. Nd6 Rf8 30. Qc7 Bf6 31. Nc8 Be5 32. Qxe5 Rxb7 33. Qxe4
Rc7 34. Ne7+ Kh8 35. Nd5 Rd7 36. Qf5 Rfd8 37. e4 h6 38. Kg2 Kg8 39. h4 Rd6 40.
Ne7+ Kf8 41. Nc8 Ra6 42. Qb5 Re6 43. Nxa7 Rxe4 44. a5 Ra8 45. a6 1-0

[Event "BL 1718 SV Hofheim - USV Dresden"]
[Site "?"]
[Date "2018.02.04"]
[Round "8.1"]
[White "Eljanov, Pavel"]
[Black "Schroeder, Jan-Christian"]
[Result "1-0"]
[WhiteElo "2710"]
[BlackElo "2556"]
[PlyCount "61"]
[EventDate "2018.??.??"]
[EventType "team-tourn"]

1. e4 e5 2. Nf3 Nc6 3. Bc4 Nf6 4. d3 Bc5 5. a4 d6 6. c3 a5 7. Bg5 h6 8. Bh4 g5
9. Bg3 Ba7 10. Na3 Be6 11. Bxe6 fxe6 12. Nb5 Bb6 13. Qe2 Qd7 14. Nd2 O-O 15.
Nc4 Bc5 16. Rd1 Qh7 17. h4 g4 18. O-O h5 19. d4 exd4 20. cxd4 Bb4 21. e5 dxe5
22. Nxe5 Nxe5 23. Qxe5 Nd5 24. Qxe6+ Qf7 25. Qh6 Ra6 26. Qg5+ Kh7 27. Nc3 Nxc3
28. bxc3 Bxc3 29. Rc1 Rc6 30. d5 Rc4 31. Qe3 1-0

[Event "BL 1718 SV Hofheim - USV Dresden"]
[Site "?"]
[Date "2018.02.04"]
[Round "8.2"]
[White "Ginsburg, Gennadi"]
[Black "Almasi, Zoltan"]
[Result "0-1"]
[WhiteElo "2442"]
[BlackElo "2689"]
[PlyCount "54"]
[EventDate "2018.??.??"]
[EventType "team-tourn"]

1. e4 c5 2. Nf3 e6 3. d4 cxd4 4. Nxd4 a6 5. Bd3 Nf6 6. Qe2 d6 7. f4 e5 8. Nf3
Nc6 9. Nc3 Bg4 10. h3 Nd4 11. Qf2 Bxf3 12. gxf3 Be7 13. Bd2 Qb6 14. Na4 Qc6 15.
Nc3 Ne6 16. f5 Nc5 17. O-O-O d5 18. Kb1 d4 19. Ne2 Rc8 20. Bc1 O-O 21. Rhg1 Nh5
22. Ka1 g6 23. Qh2 Nxd3 24. cxd3 Bf6 25. f4 exf4 26. Nxf4 Qd6 27. Bd2 Be5 0-1

[Event "BL 1718 SV Hofheim - USV Dresden"]
[Site "?"]
[Date "2018.02.04"]
[Round "8.3"]
[White "Nisipeanu, Liviu-Dieter"]
[Black "Perske, Thore"]
[Result "1/2-1/2"]
[WhiteElo "2682"]
[BlackElo "2451"]
[PlyCount "72"]
[EventDate "2018.??.??"]
[EventType "team-tourn"]

1. Nf3 Nf6 2. g3 g6 3. b3 Bg7 4. Bb2 O-O 5. Bg2 d5 6. c4 c6 7. O-O a5 8. d3 Re8
9. Nbd2 Nbd7 10. d4 a4 11. e3 b5 12. Ne5 bxc4 13. bxc4 a3 14. Bc3 Nxe5 15. dxe5
Ng4 16. cxd5 cxd5 17. Nf3 Ba6 18. Re1 h5 19. Bf1 Bxf1 20. Rxf1 Qc8 21. Qd3 Qe6
22. Rad1 Nxe5 23. Bxe5 Bxe5 24. Nxe5 Qxe5 25. Qxd5 Qxd5 26. Rxd5 Reb8 27. f3
Rb2 28. Rf2 Rab8 29. Rdd2 Rxd2 30. Rxd2 Rb2 31. Rf2 Kg7 32. Kf1 Kf6 33. Ke1
Rb1+ 34. Kd2 Rb2+ 35. Ke1 Rb1+ 36. Kd2 Rb2+ 1/2-1/2

[Event "BL 1718 SV Hofheim - USV Dresden"]
[Site "?"]
[Date "2018.02.04"]
[Round "8.4"]
[White "Lobzhanidze, Davit"]
[Black "Gajewski, Grzegorz"]
[Result "1-0"]
[WhiteElo "2416"]
[BlackElo "2601"]
[PlyCount "81"]
[EventDate "2018.??.??"]
[EventType "team-tourn"]

1. e4 c5 2. Nf3 d6 3. d4 cxd4 4. Nxd4 Nf6 5. Nc3 a6 6. Be2 e5 7. Nb3 Be7 8. O-O
O-O 9. a4 b6 10. Re1 Bb7 11. Bf3 Nc6 12. Bg5 Nb4 13. Qd2 Rc8 14. Rac1 Rc4 15.
Qe2 Qc8 16. Bxf6 Bxf6 17. Bg4 Qc7 18. Nd2 Rc5 19. Nf1 d5 20. exd5 Nxd5 21. Nxd5
Bxd5 22. Ne3 Bb7 23. c4 e4 24. Rcd1 Bg5 25. Rd7 Qb8 26. Red1 Bc6 27. b4 Re5 28.
R7d4 Bxa4 29. Ra1 b5 30. c5 f5 31. Nxf5 Rexf5 32. Bxf5 Rxf5 33. Rxe4 Rf8 34. h4
Bf6 35. Ra3 Rc8 36. Rae3 Kf8 37. g4 Rd8 38. g5 Bd1 39. Qa2 Bd4 40. Rd3 Bxc5 41.
Rxd8+ 1-0

[Event "BL 1718 SV Hofheim - USV Dresden"]
[Site "?"]
[Date "2018.02.04"]
[Round "8.5"]
[White "Bartel, Mateusz"]
[Black "Gurevich, Vladimir"]
[Result "1/2-1/2"]
[WhiteElo "2610"]
[BlackElo "2472"]
[PlyCount "42"]
[EventDate "2018.??.??"]
[EventType "team-tourn"]

1. e4 c5 2. Nf3 a6 3. Nc3 e6 4. d4 cxd4 5. Nxd4 Qc7 6. Bd3 Nc6 7. Nb3 d6 8. Be3
Nf6 9. f4 b5 10. Qf3 Bb7 11. O-O Be7 12. a4 b4 13. Nb1 O-O 14. a5 e5 15. f5 d5
16. N1d2 Nb8 17. Rae1 Nbd7 18. g4 dxe4 19. Nxe4 Nxe4 20. Bxe4 Bxe4 21. Qxe4
Rac8 1/2-1/2

[Event "BL 1718 SV Hofheim - USV Dresden"]
[Site "?"]
[Date "2018.02.04"]
[Round "8.6"]
[White "Margolin, Boris"]
[Black "Vogel, Roven"]
[Result "1/2-1/2"]
[WhiteElo "2388"]
[BlackElo "2437"]
[PlyCount "63"]
[EventDate "2018.??.??"]
[EventType "team-tourn"]

1. e4 e5 2. Nf3 Nc6 3. Bb5 a6 4. Ba4 Nf6 5. d3 b5 6. Bb3 Be7 7. a4 Bb7 8. Nc3
Nd4 9. Ba2 d5 10. Nxd4 exd4 11. Nxd5 Nxd5 12. Bxd5 Bxd5 13. exd5 Qxd5 14. O-O
O-O 15. Re1 Bd6 16. Bd2 Qc6 17. Re4 Bc5 18. b4 f5 19. Re1 Bd6 20. Qb1 Qd5 21.
h3 Rfb8 22. Qa2 Qxa2 23. Rxa2 a5 24. axb5 axb4 25. Rxa8 Rxa8 26. b6 cxb6 27.
Rb1 b3 28. cxb3 Ra2 29. Be1 Bf4 30. g3 Bd2 31. Rd1 Bxe1 32. Rxe1 1/2-1/2

[Event "BL 1718 SV Hofheim - USV Dresden"]
[Site "?"]
[Date "2018.02.04"]
[Round "8.7"]
[White "Maiwald, Jens-Uwe"]
[Black "Zude, Arno"]
[Result "1/2-1/2"]
[WhiteElo "2437"]
[BlackElo "2373"]
[PlyCount "116"]
[EventDate "2018.??.??"]
[EventType "team-tourn"]

1. Nf3 d5 2. g3 c6 3. Bg2 Nf6 4. O-O Bf5 5. d3 h6 6. c4 e6 7. cxd5 exd5 8. Nc3
Be7 9. Nd4 Bh7 10. e4 dxe4 11. dxe4 Nbd7 12. Re1 Ne5 13. Bf4 Nfd7 14. Qe2 O-O
15. Rad1 Qc7 16. Bh3 Nb6 17. Nf5 Rad8 18. Nxe7+ Qxe7 19. f3 Bg6 20. Bf1 f6 21.
Kg2 Bh5 22. g4 Bf7 23. b3 h5 24. h3 hxg4 25. hxg4 Rd7 26. Qe3 Rfd8 27. Be2 Nc8
28. Rxd7 Rxd7 29. Bg3 Be6 30. g5 Ng6 31. f4 f5 32. Bh5 Nf8 33. exf5 Bxf5 34.
Qf2 Qb4 35. Re3 Ne7 36. Be2 b5 37. Bf3 Nfg6 38. Kg1 Kf8 39. Bg2 Rd4 40. Rf3 Kg8
41. Bf1 a6 42. Bc4+ Rxc4 43. bxc4 Qxc4 44. Qd2 b4 45. Nd1 Be4 46. Rf2 Nf5 47.
Ne3 Qc5 48. Nxf5 Bxf5 49. Kh2 Ne7 50. Qd8+ Kh7 51. Qf8 Qe3 52. g6+ Bxg6 53. f5
Nxf5 54. Rxf5 Bxf5 55. Qxf5+ Kg8 56. Qc8+ Kh7 57. Qxa6 b3 58. axb3 Qxb3 1/2-1/2

[Event "BL 1718 SV Hofheim - USV Dresden"]
[Site "?"]
[Date "2018.02.04"]
[Round "8.8"]
[White "Brendel, Oliver"]
[Black "Moehn, Hans"]
[Result "1-0"]
[WhiteElo "2341"]
[BlackElo "2365"]
[PlyCount "117"]
[EventDate "2018.??.??"]
[EventType "team-tourn"]

1. c4 g6 2. g3 Bg7 3. Bg2 c5 4. Nf3 Nc6 5. Nc3 d6 6. a3 e6 7. b4 Nge7 8. Rb1 b6
9. h4 Bb7 10. h5 Nf5 11. g4 Nfd4 12. h6 Nxf3+ 13. Bxf3 Be5 14. b5 Na5 15. Bxb7
Nxb7 16. Bb2 Qe7 17. e3 Rf8 18. f4 Bh8 19. Qf3 O-O-O 20. g5 f5 21. Kf2 d5 22.
cxd5 Bxc3 23. Bxc3 Rxd5 24. Kg3 Qd7 25. a4 Nd6 26. d3 c4 27. Bg7 Rd8 28. Rbc1
Qb7 29. Be5 Rxd3 30. Bxd6 Qxf3+ 31. Kxf3 R3xd6 32. Rxc4+ Kd7 33. Rhc1 Ke7 34.
Rc7+ R8d7 35. Rc8 Rd8 36. R8c4 R8d7 37. R1c2 Rd1 38. Rc8 Rd8 39. R8c7+ R8d7 40.
Rc8 Rd8 41. R8c6 R8d7 42. a5 bxa5 43. Ra6 R1d6 44. Rxa5 Rb7 45. Ra6 Rdd7 46.
Rc8 Rd8 47. Rxd8 Kxd8 48. Rxe6 Kd7 49. Re5 Rc7 50. e4 Rc3+ 51. Ke2 fxe4 52.
Rxe4 Rc5 53. Ra4 Rc7 54. Ra6 Ke8 55. f5 gxf5 56. g6 hxg6 57. b6 Re7+ 58. Kf2
axb6 59. Ra8+ 1-0

[Event "BL 1718 SV Hockenheim - Schachfreunde B"]
[Site "?"]
[Date "2018.02.04"]
[Round "8.9"]
[White "Piorun, Kacper"]
[Black "Howell, David W L"]
[Result "0-1"]
[WhiteElo "2659"]
[BlackElo "2682"]
[PlyCount "120"]
[EventDate "2018.??.??"]
[EventType "team-tourn"]

1. e4 e5 2. Nf3 Nc6 3. Bb5 Nf6 4. d3 Bc5 5. Bxc6 dxc6 6. Nbd2 O-O 7. O-O Nd7 8.
Nc4 Re8 9. Kh1 b5 10. Na5 Qf6 11. Bg5 Qd6 12. Nh4 Nf8 13. Nb3 Bb6 14. Nf5 Bxf5
15. exf5 e4 16. d4 Qd5 17. Qg4 h5 18. Qf4 Nh7 19. a4 a5 20. Bh4 Bxd4 21. Nxd4
Qxd4 22. b3 Qe5 23. Bg3 Qxf4 24. Bxf4 Nf6 25. c4 bxc4 26. bxc4 Ng4 27. Bxc7 Nh6
28. f6 gxf6 29. h3 Kg7 30. Rab1 Nf5 31. Rb6 e3 32. fxe3 Nxe3 33. Rf4 Re6 34.
Rb8 Rxb8 35. Bxb8 Re7 36. Bd6 Rb7 37. Bc5 Rb1+ 38. Kh2 Nf1+ 39. Kg1 Nd2+ 40.
Kf2 Kg6 41. Ke2 Nb3 42. Be7 f5 43. Kd3 Re1 44. Bf8 Nc1+ 45. Kd2 Re8 46. Bd6 Ne2
47. Rf2 Rd8 48. c5 Ng3 49. Ke3 Ne4 50. Rc2 Rd7 51. Be5 h4 52. Bd4 Ng5 53. Rc4
Ne4 54. Rc2 Rd5 55. Rc4 Kg5 56. Rc2 Ng3 57. Rc4 f4+ 58. Kf3 Kf5 59. Kf2 Rd7 60.
Ke1 Re7+ 0-1

[Event "BL 1718 SV Hockenheim - Schachfreunde B"]
[Site "?"]
[Date "2018.02.04"]
[Round "8.10"]
[White "Moiseenko, Alexander"]
[Black "Mista, Aleksander"]
[Result "1/2-1/2"]
[WhiteElo "2660"]
[BlackElo "2575"]
[PlyCount "119"]
[EventDate "2018.??.??"]
[EventType "team-tourn"]

1. d4 Nf6 2. c4 e6 3. Nf3 d5 4. Nc3 Nbd7 5. cxd5 exd5 6. Bf4 Nb6 7. e3 Bf5 8.
Ne5 Bd6 9. Bb5+ c6 10. Nxc6 bxc6 11. Bxc6+ Bd7 12. Bxa8 Bxf4 13. exf4 Qe7+ 14.
Qe2 Nxa8 15. Qe5 Nc7 16. O-O Kd8 17. Rac1 Qe6 18. b3 Re8 19. Na4 Qxe5 20. fxe5
Bxa4 21. bxa4 Nd7 22. Rc6 Re6 23. Rfc1 Rxc6 24. Rxc6 Nb6 25. f4 Nc4 26. f5 Kd7
27. Rc5 Ne3 28. e6+ fxe6 29. fxe6+ Nxe6 30. Ra5 Nc7 31. Rxa7 Kc6 32. Ra5 Nf5
33. Rc5+ Kd6 34. Kf2 Nxd4 35. Rc3 Nc6 36. Ke1 d4 37. Rb3 Na5 38. Rb8 Nc4 39.
Rd8+ Kc5 40. Rc8 Kc6 41. Ke2 Kd7 42. Rh8 Ne6 43. Rxh7 Kc6 44. g3 Nc5 45. Rh8
d3+ 46. Kd1 Kd5 47. Rd8+ Ke4 48. a5 Nxa5 49. Kd2 Nc4+ 50. Kc3 Ne5 51. Re8 Na4+
52. Kd2 Nb2 53. Kc3 Nbc4 54. a4 g6 55. h4 Kf5 56. Rd8 Nb6 57. Rd4 Ke6 58. a5
Nd5+ 59. Kb3 Nc6 60. Rxd3 1/2-1/2

[Event "BL 1718 SV Hockenheim - Schachfreunde B"]
[Site "?"]
[Date "2018.02.04"]
[Round "8.11"]
[White "Tomczak, Jacek"]
[Black "Balogh, Csaba"]
[Result "1/2-1/2"]
[WhiteElo "2579"]
[BlackElo "2633"]
[PlyCount "60"]
[EventDate "2018.??.??"]
[EventType "team-tourn"]

1. e4 c5 2. Nf3 e6 3. d4 cxd4 4. Nxd4 a6 5. Be2 b5 6. O-O Bb7 7. c4 b4 8. Qd3
Ne7 9. Be3 Ng6 10. Nd2 Qc7 11. Rac1 Nf4 12. Bxf4 Qxf4 13. c5 Nc6 14. Nxc6 Bxc6
15. Qd4 Be7 16. g3 Bf6 17. Qxb4 a5 18. gxf4 axb4 19. e5 Be7 20. Bf3 Bxf3 21.
Nxf3 Rxa2 22. b3 Ra5 23. c6 dxc6 24. Nd4 c5 25. Nc6 Ra3 26. Rfd1 Rxb3 27. Rxc5
Rb1 28. Rxb1 Bxc5 29. Nxb4 Bxb4 30. Rxb4 O-O 1/2-1/2

[Event "BL 1718 SV Hockenheim - Schachfreunde B"]
[Site "?"]
[Date "2018.02.04"]
[Round "8.12"]
[White "Wagner, Dennis"]
[Black "Schneider, Ilja"]
[Result "1-0"]
[WhiteElo "2557"]
[BlackElo "2519"]
[PlyCount "107"]
[EventDate "2018.??.??"]
[EventType "team-tourn"]

1. c4 c6 2. Nf3 d5 3. g3 Nf6 4. Bg2 Bg4 5. Ne5 Be6 6. cxd5 Bxd5 7. Nf3 c5 8.
Nc3 Bc6 9. O-O e6 10. Qc2 Nbd7 11. e4 e5 12. d3 Be7 13. a4 O-O 14. Nd2 Ne8 15.
Nc4 Nc7 16. Bh3 Na6 17. Qe2 Bf6 18. Be3 b6 19. f4 Nb4 20. Bxd7 Qxd7 21. fxe5
Be7 22. Rad1 Rad8 23. b3 Qe6 24. Na2 Nxa2 25. Qxa2 Rd7 26. Qe2 Rfd8 27. Bc1 Bb7
28. Bb2 Ba6 29. Rf3 Bf8 30. Rdf1 Qc6 31. Qc2 Qe6 32. Qc3 Bxc4 33. bxc4 Qc6 34.
Qc2 Re8 35. Bc3 Qc7 36. Qf2 g6 37. Rf6 Bg7 38. Rd6 Bxe5 39. Bxe5 Rxe5 40. Rd5
Re8 41. a5 Rxd5 42. cxd5 c4 43. d6 Qd7 44. axb6 cxd3 45. bxa7 Ra8 46. e5 Qxa7
47. Qxa7 Rxa7 48. Kf2 Ra5 49. Ke3 Rxe5+ 50. Kd4 Ra5 51. d7 Ra8 52. Kc5 f5 53.
Rd1 Kf7 54. Kd6 1-0

[Event "BL 1718 SV Hockenheim - Schachfreunde B"]
[Site "?"]
[Date "2018.02.04"]
[Round "8.13"]
[White "Schreiner, Peter"]
[Black "Buhmann, Rainer"]
[Result "1/2-1/2"]
[WhiteElo "2452"]
[BlackElo "2597"]
[PlyCount "31"]
[EventDate "2018.??.??"]
[EventType "team-tourn"]

1. Nf3 d5 2. g3 Nf6 3. Bg2 e6 4. O-O Be7 5. d4 b5 6. a4 b4 7. c4 bxc3 8. bxc3
Ba6 9. Ne5 Nfd7 10. Nd3 O-O 11. Re1 Nf6 12. Ne5 Nfd7 13. Nd3 Nf6 14. Ne5 Nfd7
15. Nd3 Nf6 16. Ne5 1/2-1/2

[Event "BL 1718 SV Hockenheim - Schachfreunde B"]
[Site "?"]
[Date "2018.02.04"]
[Round "8.14"]
[White "Baramidze, David"]
[Black "Abel, Dennes"]
[Result "1-0"]
[WhiteElo "2615"]
[BlackElo "2469"]
[PlyCount "105"]
[EventDate "2018.??.??"]
[EventType "team-tourn"]

1. e4 c6 2. Nc3 d5 3. Nf3 dxe4 4. Nxe4 Nf6 5. Nxf6+ exf6 6. Bc4 Bd6 7. Qe2+ Qe7
8. Qxe7+ Kxe7 9. O-O Bf5 10. Re1+ Kf8 11. d3 g5 12. a4 Kg7 13. a5 Na6 14. Bxa6
bxa6 15. Be3 c5 16. Nd2 Rac8 17. Nc4 Bb8 18. f3 Be6 19. Bf2 f5 20. Re2 Rhe8 21.
Rae1 Kf6 22. Be3 Red8 23. b3 f4 24. Bd2 h6 25. Bc3+ Kf5 26. Kf2 Rc6 27. Ne5
Bxe5 28. Rxe5+ Kg6 29. Bb2 Rb8 30. Bc3 Rd8 31. R1e2 Rd7 32. h4 Rd8 33. Re1 Rd7
34. hxg5 hxg5 35. Rh1 Rd8 36. Ree1 Rcc8 37. Rh2 Rg8 38. Reh1 Kf5 39. Rh7 Bd5
40. Bb2 Rce8 41. R7h6 Rg6 42. Ba3 Rc8 43. Rxg6 fxg6 44. Re1 Bc6 45. Re7 g4 46.
Rf7+ Ke6 47. Rxf4 gxf3 48. gxf3 g5 49. Rc4 Rf8 50. Rxc5 Bxf3 51. Rxg5 Rf7 52.
Ke3 Bb7 53. Bc5 1-0

[Event "BL 1718 SV Hockenheim - Schachfreunde B"]
[Site "?"]
[Date "2018.02.04"]
[Round "8.15"]
[White "Seyb, Alexander"]
[Black "Banusz, Tamas"]
[Result "0-1"]
[WhiteElo "2393"]
[BlackElo "2640"]
[PlyCount "117"]
[EventDate "2018.??.??"]
[EventType "team-tourn"]

1. e4 e5 2. Nf3 Nc6 3. d4 exd4 4. Nxd4 Nf6 5. Nxc6 bxc6 6. e5 Qe7 7. Qe2 Nd5 8.
c4 Nb6 9. Nc3 Qe6 10. Qe4 g6 11. f4 d5 12. cxd5 cxd5 13. Qc2 a6 14. Be2 c5 15.
O-O Be7 16. Bf3 Bb7 17. a4 Rb8 18. a5 Nd7 19. Bd2 O-O 20. Rae1 d4 21. Ne4 c4
22. Kh1 Rfd8 23. f5 Qxf5 24. Qxc4 Nxe5 25. Qc7 Nxf3 26. Rxf3 Qd7 27. Nf6+ Bxf6
28. Qxd7 Rxd7 29. Rxf6 Kg7 30. Rf2 f5 31. Bf4 Rc8 32. Rd2 d3 33. Be5+ Kf7 34.
Bc3 Be4 35. Kg1 Ke6 36. Kf2 Kd5 37. Ra1 f4 38. Rdd1 Re7 39. Re1 Rc4 40. h4 Rb7
41. Ra2 h6 42. Rh1 Ke6 43. Rg1 Kf5 44. g4+ Ke6 45. Rga1 Kd5 46. Ra4 Rxb2+ 47.
Bxb2 Rc2+ 48. Kf1 Rxb2 49. R4a2 Rxa2 50. Rxa2 Kd4 51. g5 h5 52. Ke1 Ke3 53. Rb2
Kf3 54. Rb4 Bf5 55. Kd2 Kg3 56. Rd4 f3 57. Ke3 Bg4 58. Rxd3 f2 59. Kd4+ 0-1

[Event "BL 1718 SV Hockenheim - Schachfreunde B"]
[Site "?"]
[Date "2018.02.04"]
[Round "8.16"]
[White "Braun, Arik"]
[Black "Schmidek, Emil"]
[Result "1/2-1/2"]
[WhiteElo "2590"]
[BlackElo "2387"]
[PlyCount "70"]
[EventDate "2018.??.??"]
[EventType "team-tourn"]

1. c4 Nf6 2. Nc3 d5 3. cxd5 Nxd5 4. g3 g6 5. Bg2 Nxc3 6. bxc3 Bg7 7. Rb1 Nc6 8.
h4 h6 9. Nf3 O-O 10. O-O Rb8 11. d3 Bf5 12. Qc2 e5 13. Nd2 Qd7 14. Rd1 b6 15.
Qa4 Na5 16. Qxd7 Bxd7 17. Nb3 Nxb3 18. axb3 c5 19. b4 cxb4 20. cxb4 Rfc8 21.
Bd2 Rc2 22. Ra1 e4 23. Rxa7 Bg4 24. Bxe4 Bxe2 25. Bf4 Bxd1 26. Bxb8 Bd4 27. Bf4
g5 28. hxg5 hxg5 29. Bxg5 Bxf2+ 30. Kh1 Bxg3 31. Bf6 Bg4 32. Bd4 Bd6 33. Ra8+
Rc8 34. Rxc8+ Bxc8 35. Bxb6 Bxb4 1/2-1/2

[Event "BL 1718 SF Deizisau - FC Bayern Münche"]
[Site "?"]
[Date "2018.02.04"]
[Round "8.1"]
[White "Dragnev, Valentin"]
[Black "Bluebaum, Matthias"]
[Result "1/2-1/2"]
[WhiteElo "2461"]
[BlackElo "2635"]
[PlyCount "158"]
[EventDate "2018.??.??"]
[EventType "team-tourn"]

1. Nf3 d5 2. d4 Nf6 3. c4 e6 4. g3 Bb4+ 5. Bd2 Be7 6. Bg2 c6 7. O-O Nbd7 8. Qc2
b6 9. cxd5 cxd5 10. Bf4 O-O 11. Rc1 Bb7 12. Qb3 Rc8 13. Rxc8 Qxc8 14. Nc3 Nh5
15. Bg5 Bxg5 16. Nxg5 Nhf6 17. e3 Ba6 18. a4 Qb8 19. Bf1 Bxf1 20. Kxf1 Rc8 21.
Nf3 Ne4 22. Rc1 Ndf6 23. Rc2 Nxc3 24. Rxc3 Ne4 25. Rc2 Rc7 26. Ne1 Rc4 27. Ke2
Nd6 28. Qa2 b5 29. b3 Rxc2+ 30. Qxc2 bxa4 31. bxa4 h6 32. Nf3 Nc4 33. Ne1 a5
34. Nd3 Qb6 35. h4 h5 36. Kf1 g6 37. Kg2 Kg7 38. Kg1 Qd6 39. Qc1 Qb8 40. Nc5
Qb4 41. Kg2 e5 42. Qd1 e4 43. Qb3 Qd2 44. Nxe4 Nxe3+ 45. Qxe3 Qxe3 46. fxe3
dxe4 47. Kf2 Kf6 48. Ke2 Ke6 49. Kd2 Kd5 50. Kc3 f6 51. Kb3 g5 52. Kc3 gxh4 53.
gxh4 f5 54. Kb3 f4 55. exf4 Kxd4 56. Kc2 e3 57. f5 Ke5 58. Kd3 Kxf5 59. Kxe3
Kg4 60. Ke4 Kh3 61. Kf3 Kxh4 62. Kf4 Kh3 63. Kf3 Kh2 64. Kf2 h4 65. Kf3 Kh3 66.
Kf2 Kg4 67. Kg2 Kf4 68. Kh3 Kg5 69. Kh2 Kg4 70. Kg2 Kf4 71. Kh3 Ke3 72. Kxh4
Kd4 73. Kg3 Kc4 74. Kf2 Kb4 75. Ke2 Kxa4 76. Kd1 Kb3 77. Kc1 a4 78. Kb1 a3 79.
Ka1 a2 1/2-1/2

[Event "BL 1718 SF Deizisau - FC Bayern Münche"]
[Site "?"]
[Date "2018.02.04"]
[Round "8.2"]
[White "Meier, Georg"]
[Black "Studer, Noel"]
[Result "1-0"]
[WhiteElo "2647"]
[BlackElo "2481"]
[PlyCount "71"]
[EventDate "2018.??.??"]
[EventType "team-tourn"]

1. e4 c5 2. Nf3 d6 3. Bb5+ Nd7 4. d4 cxd4 5. Qxd4 a6 6. Bxd7+ Bxd7 7. Bg5 h6 8.
Bh4 Nf6 9. Bxf6 gxf6 10. Nc3 e6 11. O-O-O Be7 12. Qe3 Qa5 13. Nd4 O-O-O 14. Kb1
Kb8 15. Nb3 Qc7 16. Rd4 h5 17. h4 Rc8 18. Rhd1 f5 19. exf5 e5 20. R4d2 Bxf5 21.
g3 Bf8 22. Qe2 Qc6 23. Nd5 Bg4 24. f3 Be6 25. Rd3 Qc4 26. Nb6 Qb5 27. Nxc8 Bc4
28. Rc1 f6 29. Nd2 Bxd3 30. cxd3 d5 31. Nb3 Rh7 32. Qc2 Bh6 33. Nd6 Qd7 34.
Qc8+ Ka7 35. Qc5+ Kb8 36. Rc2 1-0

[Event "BL 1718 SF Deizisau - FC Bayern Münche"]
[Site "?"]
[Date "2018.02.04"]
[Round "8.3"]
[White "Johansson, Linus"]
[Black "Heimann, Andreas"]
[Result "1/2-1/2"]
[WhiteElo "2452"]
[BlackElo "2582"]
[PlyCount "140"]
[EventDate "2018.??.??"]
[EventType "team-tourn"]

1. d4 Nf6 2. c4 g6 3. Nc3 d5 4. cxd5 Nxd5 5. e4 Nxc3 6. bxc3 Bg7 7. Qa4+ Nd7 8.
Nf3 O-O 9. Be2 Nb6 10. Qa5 Bg4 11. Bg5 Qe8 12. Rb1 e5 13. dxe5 Bxf3 14. gxf3
Qxe5 15. Qxe5 Bxe5 16. Kd2 Rab8 17. Rb5 Bd6 18. Ra5 Nd7 19. h4 b6 20. Rxa7 Ra8
21. Rxa8 Rxa8 22. Ra1 Ra3 23. Kc2 Nc5 24. Bf6 Na4 25. Bc4 Be7 26. Be5 Bd6 27.
Bd4 Nxc3 28. e5 Bb4 29. e6 fxe6 30. Bxe6+ Kf8 31. Bb3 Ra5 32. Kd3 Rf5 33. Kc4
Ba5 34. Bxc3 Rc5+ 35. Kd3 Rxc3+ 36. Ke4 c5 37. Bd5 Rc2 38. h5 Re2+ 39. Kf4 Bd2+
40. Kg3 Re5 41. Be4 Rg5+ 42. Kh3 Rxh5+ 43. Kg2 c4 44. a4 Ke7 45. Rd1 Ba5 46. f4
c3 47. Bc2 Rc5 48. Rh1 Rh5 49. Rxh5 gxh5 50. Kg3 Kd6 51. Kh4 Kc5 52. f5 Kb4 53.
f6 Ka3 54. Kxh5 Bb4 55. Kh6 Kb2 56. Be4 Bc5 57. f7 Kb3 58. Kxh7 Kxa4 59. Kg8 b5
60. f4 b4 61. f5 b3 62. f8=Q Bxf8 63. Kxf8 c2 64. Bxc2 bxc2 65. f6 c1=Q 66. f7
Kb5 67. Kg8 Qg5+ 68. Kh8 Qf6+ 69. Kg8 Qg6+ 70. Kh8 Qxf7 1/2-1/2

[Event "BL 1718 SF Deizisau - FC Bayern Münche"]
[Site "?"]
[Date "2018.02.04"]
[Round "8.4"]
[White "Kozul, Zdenko"]
[Black "Fedorovsky, Michael"]
[Result "0-1"]
[WhiteElo "2625"]
[BlackElo "2469"]
[PlyCount "54"]
[EventDate "2018.??.??"]
[EventType "team-tourn"]

1. d4 Nf6 2. c4 e6 3. g3 d5 4. Bg2 dxc4 5. Qa4+ Nbd7 6. Bg5 a6 7. Qxc4 c5 8. e3
Qa5+ 9. Nc3 Nb6 10. Qe2 Nfd5 11. dxc5 Bxc5 12. O-O-O f6 13. Nxd5 exd5 14. Bxf6
gxf6 15. Qh5+ Ke7 16. Ne2 Be6 17. Kb1 Bf7 18. Qh6 Rad8 19. Nd4 Bg6+ 20. Ka1 Kf7
21. h4 Ba3 22. Rc1 Bxb2+ 23. Kxb2 Na4+ 24. Ka1 Nc3 25. Kb2 Qxa2+ 26. Kxc3 Rc8+
27. Kb4 a5+ 0-1

[Event "BL 1718 SF Deizisau - FC Bayern Münche"]
[Site "?"]
[Date "2018.02.04"]
[Round "8.5"]
[White "Lindgren, Philip"]
[Black "Graf, Alexander"]
[Result "0-1"]
[WhiteElo "2405"]
[BlackElo "2585"]
[PlyCount "76"]
[EventDate "2018.??.??"]
[EventType "team-tourn"]

1. Nf3 g6 2. d4 Bg7 3. c4 d6 4. Nc3 Nd7 5. g3 e5 6. Bg2 Ne7 7. O-O O-O 8. Qd2
Nc6 9. dxe5 dxe5 10. Rd1 Re8 11. Ng5 h6 12. Nge4 Nd4 13. e3 Ne6 14. Ne2 Qe7 15.
b3 f5 16. N4c3 e4 17. Nd5 Qf7 18. Bb2 Ne5 19. Qc2 g5 20. Nd4 c6 21. Nxe6 Bxe6
22. Bxe5 Bxe5 23. Nc3 b5 24. cxb5 Rec8 25. Rac1 cxb5 26. Qd2 a6 27. Ne2 Qf6 28.
Nd4 Bf7 29. Bf1 Rxc1 30. Rxc1 Rd8 31. Qa5 Bxd4 32. exd4 Rxd4 33. Rc8+ Kg7 34.
Qc3 Rd1 35. Qc5 f4 36. Qf8+ Kg6 37. Rc5 Rxf1+ 38. Kxf1 Bc4+ 0-1

[Event "BL 1718 SF Deizisau - FC Bayern Münche"]
[Site "?"]
[Date "2018.02.04"]
[Round "8.6"]
[White "Dautov, Rustem"]
[Black "Bezold, Michael"]
[Result "1/2-1/2"]
[WhiteElo "2596"]
[BlackElo "2494"]
[PlyCount "42"]
[EventDate "2018.??.??"]
[EventType "team-tourn"]

1. d4 Nf6 2. Nf3 e6 3. c4 c5 4. g3 cxd4 5. Nxd4 a6 6. Bg2 Qc7 7. b3 Bb4+ 8. Bd2
Be7 9. Nc3 O-O 10. O-O Nc6 11. e3 Re8 12. f4 d5 13. Qe2 Nxd4 14. exd4 dxc4 15.
bxc4 Bd7 16. Rab1 Bc6 17. c5 Rad8 18. Bxc6 Qxc6 19. Rb6 Qc8 20. Be3 Nd7 21. Rb3
Nb8 1/2-1/2

[Event "BL 1718 SF Deizisau - FC Bayern Münche"]
[Site "?"]
[Date "2018.02.04"]
[Round "8.7"]
[White "Rafiee, Makan"]
[Black "Schlosser, Philipp"]
[Result "1/2-1/2"]
[WhiteElo "2348"]
[BlackElo "2515"]
[PlyCount "50"]
[EventDate "2018.??.??"]
[EventType "team-tourn"]

1. e4 c5 2. Nf3 e6 3. d4 cxd4 4. Nxd4 Nc6 5. Nc3 Qc7 6. Be3 a6 7. Bd3 b5 8.
Nxc6 Qxc6 9. a4 b4 10. Na2 Nf6 11. c3 Nxe4 12. Nxb4 Qb7 13. O-O Be7 14. a5 O-O
15. Re1 d5 16. Bb6 Nc5 17. Bc2 Nd7 18. Nxd5 Qxd5 19. Qxd5 exd5 20. Rxe7 Nxb6
21. axb6 Rb8 22. Bb3 Rxb6 23. Bxd5 Rxb2 24. h3 Rc2 25. Rae1 Be6 1/2-1/2

[Event "BL 1718 SF Deizisau - FC Bayern Münche"]
[Site "?"]
[Date "2018.02.04"]
[Round "8.8"]
[White "Zilka, Stepan"]
[Black "Unzicker, Ferdinand"]
[Result "1-0"]
[WhiteElo "2527"]
[BlackElo "2323"]
[PlyCount "121"]
[EventDate "2018.??.??"]
[EventType "team-tourn"]

1. d4 Nf6 2. c4 g6 3. g3 Bg7 4. Bg2 d6 5. Nf3 O-O 6. O-O c5 7. Nc3 Nc6 8. d5
Na5 9. Qd3 a6 10. Bd2 b5 11. b3 b4 12. Ne4 Nxe4 13. Qxe4 Bxa1 14. Rxa1 f6 15.
h4 Bf5 16. Qf4 Qd7 17. Nh2 Bh3 18. Bxh3 Qxh3 19. Ng4 Rae8 20. e4 Nb7 21. a3 a5
22. a4 Nd8 23. Re1 Kh8 24. Qf3 Nf7 25. Ne3 Ne5 26. Qg2 Qxg2+ 27. Kxg2 f5 28.
exf5 gxf5 29. Nf1 h5 30. Bg5 Kh7 31. f4 Ng6 32. Re6 Rf7 33. Ne3 Nf8 34. Rh6+
Kg7 35. Rxh5 e6 36. Kf3 exd5 37. cxd5 Rxe3+ 38. Kxe3 c4 39. bxc4 b3 40. Kd2 Rb7
41. Kc1 Nd7 42. Bd8 Nc5 43. Bxa5 Nd3+ 44. Kb1 Re7 45. Bc3+ Kg6 46. Rh8 Re4 47.
h5+ Kf7 48. Rh7+ Kg8 49. Rg7+ Kf8 50. Rb7 Rxc4 51. Rxb3 Nc5 52. Rb8+ Kf7 53.
Ba1 Rxa4 54. Rb6 Ra3 55. Rxd6 Rxg3 56. Rc6 Ne4 57. Rc7+ Kg8 58. Be5 Rb3+ 59.
Kc2 Rb6 60. d6 Nxd6 61. h6 1-0